Елагинские чтения. Вып. 1 (Запись № 530152)
[ простой вид ]
| 000 -МАРКЕР | |
|---|---|
| контрольное поле | 00927nam2a2200265 4500 |
| 001 - ИДЕНТИФИКАТОР ЗАПИСИ | |
| контрольное поле | RU\NLR\bibl\399244 |
| 005 - ИДЕНТИФИКАТОР ВЕРСИИ | |
| контрольное поле | 20250630111255.0 |
| 010 ## - МЕЖДУНАРОДНЫЙ СТАНДАРТНЫЙ НОМЕР КНИГИ (ISBN) | |
| Номер (ISBN) | 5-94500-013-2 |
| Тираж | 300 |
| 021 ## - НОМЕР ГОСУДАРСТВЕННОЙ РЕГИСТРАЦИИ | |
| Код страны | Российская Федерация |
| Номер | 2005-83879 |
| Номер Листа государственной регистраци | 4146 |
| 035 ## - ДРУГИЕ СИСТЕМНЫЕ НОМЕРА | |
| Идентификатор записи | (NLR Aleph) 000393444 |
| 100 ## - ДАННЫЕ ОБЩЕЙ ОБРАБОТКИ | |
| Данные общей обработки | 20030514d2003 |||y0rusy50 ca |
| 101 0# - ЯЗЫК РЕСУРСА | |
| Язык текста, звукозаписи и т.д. | русский |
| 102 ## - СТРАНА ПУБЛИКАЦИИ ИЛИ ПРОИЗВОДСТВА | |
| Страна публикации | Российская Федерация |
| 105 ## - ПОЛЕ КОДИРОВАННЫХ ДАННЫХ: ТЕКСТОВЫЕ МАТЕРИАЛЫ, МОНОГРАФИЧЕСКИЕ | |
| Кодированные данные о монографическом текстовом документе | a ||||||||| |
| 200 0# - ЗАГЛАВИЕ И СВЕДЕНИЯ ОБ ОТВЕТСТВЕННОСТИ | |
| Основное заглавие | Вып. 1 |
| 210 ## - ПУБЛИКАЦИЯ, РАСПРОСТРАНЕНИЕ И ДР. | |
| Дата издания, распространения и т.д. | 2003 |
| 215 ## - ФИЗИЧЕСКАЯ ХАРАКТЕРИСТИКА | |
| Специфическое обозначение материала и объем | 101,[1] с.,[2] л. ил. |
| 320 ## - ПРИМЕЧАНИЯ О НАЛИЧИИ В ДОКУМЕНТЕ БИБЛИОГРАФИИ / УКАЗАТЕЛЯ | |
| Текст примечания | Библиогр. в конце докл. |
| 461 #0 - УРОВЕНЬ НАБОРА | |
| Встроенное поле | 001RU\NLR\bibl\400709 |
| -- | 2001#$aЕлагинские чтения$vВып. 1 |
| Системный номер (АБИС) связанной записи | 538695 |
| Автор | Елагинские чтения (1 ; 2001 ; Санкт-Петербург) |
| Место публикации | СПб. |
| Дата публикации | 2003 |
| Имя издателя, распространителя и т.д. | Остров |
| Сведения, относящиеся к заглавию | [Сб. докл.] |
| Заглавие | Елагинские чтения |
| Номер тома | Вып. 1 |
| 801 #0 - ИСТОЧНИК ЗАПИСИ | |
| Страна | Российская Федерация |
| Организация | NLR |
| Дата составления | 20030514 |
| Правила каталогизации | PSBO |
| 801 #1 - ИСТОЧНИК ЗАПИСИ | |
| Страна | Российская Федерация |
| Организация | NLR |
| Дата составления | 20030514 |
| 942 ## - ДОПОЛНИТЕЛЬНЫЕ ЭЛЕМЕНТЫ ЗАПИСИ (АБИС) | |
| Тип экземпляра АБИС | Книга |
| 980 ## - КОЛЛЕКЦИЯ | |
| Название коллекции | Национальная библиография |
| Тип экземпляра | Дата поступления | Источник поступления | Библиотека постоянного хранения | Библиотека текущего хранения | Место хранения | Шифр хранения | Штрих-код | Статус экземпляра | Стоимость |
|---|---|---|---|---|---|---|---|---|---|
| Книга | 14.05.2003 | Покупка | РНБ (Московский) | РНБ (Московский) | Русский книжный фонд: издания с 1957 года | 2003-3/12209 | 1-897277 | ||
| Книга | 14.05.2003 | Подсобные фонды РНБ | РНБ (Московский) | РНБ (Московский) | Резервный фонд | 481977 | |||
| Книга | 07.03.2006 | Обязательный экземпляр | РНБ (Московский) | РНБ (Московский) | Русский книжный фонд: издания с 1957 года | 2003-3/12209 | 1-3833836 | ||
| Книга | 07.03.2006 | Обязательный экземпляр | РНБ (Московский) | РНБ (Московский) | Обменный фонд | 2128238 | |||
| Книга | 22.11.2016 | Дар | РНБ (Московский) | РНБ (Московский) | Обменный фонд | обм 2023/172 | 1-1278901 | Доставлен в Фoнд | |
| Книга | 29.08.2019 | Обязательный экземпляр | РНБ (Московский) | РНБ (Московский) | Обменный фонд | обм 2022/426 | 1-2784718 | Доставлен в Фoнд | |
| Книга | 14.05.2015 | Покупка | РНБ (Садовая) | РНБ (Садовая) | Фонд международного книгообмена | 1-129198 | 48.00 |